| 000 | 00947cam a22002531i 4500 | ||
|---|---|---|---|
| 003 | SA-RiAUC | ||
| 005 | 20241213175131.0 | ||
| 008 | 241212s1980 su g 0001j ara c | ||
| 040 |
_aSA-AhKFU _bara _cSA-RiAUC _erda |
||
| 050 | 4 | _bZ36 1980 | |
| 082 | 0 | 4 |
_a813.01 _qSA-RiAUC |
| 090 |
_a813.01 _bج ف ر |
||
| 100 | 1 |
_aجفري، عبد الله عبد الرحمن، _d1358-1429 هجري _eمؤلف. |
|
| 245 | 1 | 2 |
_aالظمأ / _cعبد الله عبد الرحمن الجعفري. |
| 250 | _aالطبعة الأولى. | ||
| 264 | 1 |
_aجدة، السعودية : _bتهامة، _c1980 |
|
| 300 |
_a120 صفحة ؛ _c20 سم |
||
| 336 |
_aنص _btxt _2rdacontent _3كتاب |
||
| 337 |
_aبدون وسيط _bn _2rdamedia |
||
| 338 |
_aمجلد _bnc _2rdacarrier |
||
| 650 | 7 |
_aالقصص العربية القصيرة _zالسعودية _yقرن 14 هجري _2aucsh |
|
| 942 |
_2ddc _cBOOK _n0 |
||
| 949 |
_aSA-JeALM _d241212 _uosman123 _n1 |
||
| 999 |
_c3448 _d3448 |
||